000 01116nam a22003377a 4500
003 CHAP
005 20220817041931.0
008 971013s1990 r 00010 d
010 _a29200
011 _a30172
035 _a34284
040 _cCHAP
082 _a581.52652
_bE8
100 0 0 _aEscalera, Mariano de la.
_937419
245 _aManipulación genética de plantas para adaptación a regiones desérticas
260 _aMadrid :
_bInstituto Nacional de Investigaciones Agrarias,
_c1990
300 _a112 p.
_b: ilus.
490 _aMonografías INIA
_v; 72
590 _aBATCH-UPD
_b10
_c20130110
_lUCH01
_h0924
590 _aBATCH-UPD
_b10
_c20130410
_lUCH01
_h0545
590 _aBATCH-UPD
_b10
_c20130913
_lUCH01
_h1927
590 _aCONVERSION
_b10
_c20130109
_lUCH01
_h1317
650 1 4 _aAdaptación vegetal.
_9880
650 1 4 _aGenética vegetal.
650 1 4 _aPlantas
_xResistencia a sequía.
_988886
700 0 _aColl Morales, Julio.
_925195
830 0 _aMonografías INIA
_v; 72
901 _aBK
942 _cLIBRO
949 _a581.52652 E8
_bBC
_cLIBRO
_d33724000538492
_eLIBRO
_h87754
_i34284
_mD.
_si
999 _c29200
_d29200